Εισαγωγή στη διδακτική και τη διδασκαλία των φυσικών επιστημών

Αποθηκεύτηκε σε:
Λεπτομέρειες βιβλιογραφικής εγγραφής
Κύριος συγγραφέας: Ραβάνης, Κώστας
Μορφή: Βιβλίο
Γλώσσα:Greek
Δημοσίευση: Αθήνα : Νέες Τεχνολογίες, c2016.
Θέματα:
Ετικέτες: Προσθήκη ετικέτας
Δεν υπάρχουν, Καταχωρήστε ετικέτα πρώτοι!

MARC

LEADER 00000cam a2200000 a 4500
001 1/118801
008 190522s2016####gr | ||| |||| ||gre||
020 |a 9789605780203  
040 |a GR-MyUa  |b gre  |c GR-MyUa  |e AACR2 
041 0 |a gre 
082 7 |a 372.357   |2 (23) 
100 1 |a Ραβάνης, Κώστας. 
245 1 0 |a Εισαγωγή στη διδακτική και τη διδασκαλία των φυσικών επιστημών /   |c Κώστας Ραβάνης.  
260 |a Αθήνα :   |b Νέες Τεχνολογίες,   |c c2016.  
300 |a 289 σ. :   |b σχήμ. ;   |c 24 εκ.  
500 |a Τίτλος εξωφύλλου : Εισαγωγή στη διδακτική και στη διδασκαλία των φυσικών επιστημών.  
504 |a Βιβλιογραφία : σ. 287-289.  
650 0 |a Physics  |x Study and teaching. 
852 |a INST  |b RHODES  |e 20190522  |h 372.357 ΡΑΒ  |p 005400040800  |q 005400040800  |t BK  |y 0 
852 |a INST  |b RHODES  |e 20190522  |h 372.357 ΡΑΒ  |p 005400040801  |q 005400040801  |t BK  |y 0 
852 |a INST  |b RHODES  |c EUDOXUS  |e 20211104  |h 372.357 ΡΑΒ  |p 005400042357  |q 005400042357  |t EDX  |y 0 
920 |a Εύδοξος  |b Επιστροφή  |y Ρόδος  |z 2021-11 
970 |a Μαρία  |b Κωτάκου  |z 22-05-2019